Mensucikan Jiwa

Bibliographic Details
Corporate Author: Title
Other Authors: Sa'id Hawwa
Format: Book
Published: Selangor : Pustaka Dini , 2001
Subjects:

MARC

LEADER 00000cam a2200000 7i4500
001 0000013275
005 20080109.0
008 080109
020 |a 9839422278 
090 0 0 |a 297.44   |b HAW 
245 1 0 |a Mensucikan Jiwa   |c penyusun Sa'id Hawwa ;penterjemah Aunur Rafiq Shaleh Tamhid,Lc (Robbani Pres) 
260 |a Selangor :   |b Pustaka Dini ,   |c 2001 
650 0 |a Islam   |x customs and practices 
650 0 |a Sufism 
700 0 |a Sa'id Hawwa 
710 0 |a Title 
999 |a 0001006728   |b Book   |c Adult Collection   |e Perbadanan Perpustakaan Awam Johor 
999 |a 0001006729   |b Book   |c Adult Collection   |e Perbadanan Perpustakaan Awam Johor 
999 |a 0001006730   |b Book   |c Adult Collection   |e Perbadanan Perpustakaan Awam Johor